[Event "Chesterfield SPICE Cup op"]
[Site "Chesterfield"]
[Date "2023.12.21"]
[Round "8"]
[White "Zhurbinsky, David J"]
[Black "Dhyana, Patel"]
[Result "1-0"]
[WhiteElo "2080"]
[BlackElo "2064"]
[PlyCount "117"]
[EventDate "2023.12.17"]
[EventType "swiss"]
[EventRounds "9"]
[EventCountry "USA"]
[SourceTitle "CB52_2023"]
[SourceDate "2023.12.27"]
[SourceVersion "1"]
[SourceVersionDate "2023.12.27"]
[SourceQuality "1"]

1. e4 c5 2. Nf3 Nc6 3. c3 d5 4. exd5 Qxd5 5. d4 Bf5 6. dxc5 Qxd1+ 7. Kxd1 0-0-0+ 8. Bd2 e5 9. b4 e4 10. Ne1 Nf6 11. Nc2 e3 12. fxe3 Ne4 13. Kc1 Nf2 14. Rg1 Ne5 15. Nd4 Bd7 16. a4 a5 17. Kc2 Bc6 18. Nxc6 Nxc6 19. Na3 Ne4 20. Be1 Nxc3 21. b5 Nd5 22. bxc6 Nxe3+ 23. Kb3 Bxc5 24. cxb7+ Kxb7 25. Bf2 Rhe8 26. Rb1 Re4 27. Nc2 Nxc2 28. Bxc5 Nb4 29. Bc4 Rc8 30. Bxb4 Rcxc4 31. Bxa5 Rxa4 32. Bc3 Kc6 33. Bxg7 Reb4+ 34. Kc2 Rc4+ 35. Kd3 Kc5 36. Rgc1 Ra3+ 37. Rc3 Raxc3+ 38. Bxc3 Rg4 39. Rb2 h5 40. Rf2 h4 41. Ke2 Kc4 42. Bd2 Kd5 43. Kf1 Rd4 44. Be3 Re4 45. Rd2+ Ke5 46. Bf2 Ra4 47. Rd3 Kf5 48. Rf3+ Kg6 49. Rh3 Kg5 50. Bxh4+ Rxh4 51. Rxh4 Kxh4 52. Kf2 Kg4 53. Ke3 f5 54. Ke2 Kf4 55. Kf2 Ke4 56. Kg3 Ke5 57. Kh4 f4 58. Kg5 Ke4 59. h4 1-0

[Event "Titled Tuesday intern op 06th Jun Late"]
[Site "Chess.com INT"]
[Date "2023.06.06"]
[Round "1"]
[White "Zhurbinsky, David J"]
[Black "Manon Og, Ramon Jr"]
[Result "1-0"]
[WhiteElo "2075"]
[BlackElo "1991"]
[PlyCount "105"]
[EventDate "2023.06.06"]
[EventType "swiss (blitz)"]
[EventRounds "11"]
[EventCountry "USA"]
[SourceTitle "EXT 2024"]
[Source "ChessBase"]
[SourceDate "2023.10.10"]
[SourceVersion "1"]
[SourceVersionDate "2023.10.10"]
[SourceQuality "1"]

1. e4 c5 2. Nf3 d6 3. d4 cxd4 4. Nxd4 Nf6 5. f3 a6 6. c4 e6 7. Nc3 Be7 8. Be3 0-0 9. Be2 Nc6 10. 0-0 Bd7 11. Rc1 Rc8 12. Qd2 Ne5 13. b3 h6 14. h3 Nh5 15. f4 Ng3 16. fxe5 dxe5 17. Nf3 Nxf1 18. Bxf1 Qc7 19. Qf2 Bc6 20. Qg3 Kh8 21. Qxe5 Bd6 22. Qh5 Bf4 23. Bxf4 Qxf4 24. Re1 Rcd8 25. Qe5 Qxe5 26. Nxe5 Rd2 27. Re3 Rc2 28. Be2 Kg8 29. Nxc6 bxc6 30. Rd3 g6 31. Kf2 Kg7 32. Ke3 a5 33. Bf3 h5 34. e5 c5 35. Ne4 Rxa2 36. Nxc5 Rc8 37. Nb7 a4 38. bxa4 Rxa4 39. c5 Rc7 40. c6 Rb4 41. Rd7 Rc8 42. Nd6 Rf8 43. c7 Rb3+ 44. Kd2 g5 45. Rxf7+ Rxf7 46. Nxf7 Rb2+ 47. Kc1 Kxf7 48. Kxb2 g4 49. hxg4 hxg4 50. Bxg4 Kg6 51. Bxe6 Kg5 52. c8Q Kf4 53. Qc5 1-0

[Event "Titled Tuesday intern op 21st Mar Late"]
[Site "Chess.com INT"]
[Date "2023.03.21"]
[Round "2"]
[White "Zhurbinsky, David J"]
[Black "Gallegos, Carlos"]
[Result "1-0"]
[WhiteElo "2045"]
[BlackElo "2374"]
[PlyCount "65"]
[EventDate "2023.03.21"]
[EventType "swiss (blitz)"]
[EventRounds "11"]
[EventCountry "USA"]
[SourceTitle "EXT 2024"]
[Source "ChessBase"]
[SourceDate "2023.10.10"]
[SourceVersion "1"]
[SourceVersionDate "2023.10.10"]
[SourceQuality "1"]

1. e4 d6 2. d4 Nf6 3. Nc3 c6 4. Nf3 Qa5 5. Bd3 e5 6. 0-0 Be7 7. h3 0-0 8. Be3 Re8 9. Re1 Nbd7 10. a3 Qc7 11. Qd2 b5 12. d5 a6 13. dxc6 Qxc6 14. Rad1 Bb7 15. Nh4 g6 16. Bg5 Rad8 17. Qe3 Qc5 18. Qf3 Kg7 19. Qg3 Nh5 20. Qg4 Ndf6 21. Bxf6+ Nxf6 22. Qg5 Bc8 23. Nf5+ Bxf5 24. exf5 h6 25. Qg3 g5 26. h4 Nh5 27. Qg4 Nf4 28. Ne4 Qc8 29. hxg5 hxg5 30. Nxg5 Bxg5 31. Qxg5+ Kf8 32. f6 Ng6 33. Qh6+ 1-0

[Event "Titled Tuesday intern op 21st Feb Late"]
[Site "Chess.com INT"]
[Date "2023.02.21"]
[Round "10"]
[White "Bikuzhin, Vaksim"]
[Black "Zhurbinsky, David J"]
[Result "1-0"]
[WhiteElo "2279"]
[BlackElo "2045"]
[PlyCount "89"]
[EventDate "2023.02.21"]
[EventType "swiss (blitz)"]
[EventRounds "11"]
[EventCountry "USA"]
[SourceTitle "CBM 212 Extra"]
[Source "ChessBase"]
[SourceDate "2023.03.31"]
[SourceVersion "1"]
[SourceVersionDate "2023.03.31"]
[SourceQuality "1"]

1. e4 e5 2. Nf3 Nc6 3. Bc4 Bc5 4. c3 Nf6 5. d4 exd4 6. 0-0 Nxe4 7. cxd4 d5 8. dxc5 dxc4 9. Qe2 Qd3 10. Re1 f5 11. Nc3 0-0 12. Nxe4 fxe4 13. Qxe4 Bf5 14. Qh4 Rae8 15. Bf4 Be4 16. Red1 Qc2 17. Rd2 Qa4 18. Ne1 Qb4 19. Be3 Bg6 20. Qg3 Ne5 21. h3 Nd3 22. a3 Qb3 23. Nxd3 cxd3 24. Qxc7 Qd5 25. b4 Be4 26. Qh2 Re6 27. Kh1 Rg6 28. Rg1 Qh5 29. b5 h6 30. Rb2 Kh7 31. Rb4 Bd5 32. Rd4 Rf3 33. Rxd5 Qxd5 34. gxf3 Qxf3+ 35. Rg2 d2 36. Bxd2 Rxg2 37. Qxg2 Qd1+ 38. Kh2 Qxd2 39. Qe4+ Kh8 40. Qe8+ Kh7 41. Qe3 Qc2 42. Qd4 Qf5 43. a4 Qg6 44. Qc4 a6 45. c6 1-0

[Event "Titled Tuesday intern op 21st Feb Late"]
[Site "Chess.com INT"]
[Date "2023.02.21"]
[Round "7"]
[White "Yuan, Qingyu"]
[Black "Zhurbinsky, David J"]
[Result "1-0"]
[WhiteElo "2373"]
[BlackElo "2045"]
[PlyCount "223"]
[EventDate "2023.02.21"]
[EventType "swiss (blitz)"]
[EventRounds "11"]
[EventCountry "USA"]
[SourceTitle "CBM 212 Extra"]
[Source "ChessBase"]
[SourceDate "2023.03.31"]
[SourceVersion "1"]
[SourceVersionDate "2023.03.31"]
[SourceQuality "1"]

1. e4 e5 2. Nf3 Nc6 3. Bb5 a6 4. Ba4 Nf6 5. d3 Be7 6. Bxc6 bxc6 7. Nxe5 0-0 8. 0-0 Re8 9. Nc3 Bb7 10. Nf3 d5 11. e5 Nd7 12. d4 c5 13. Bf4 cxd4 14. Nxd4 c5 15. Nf5 d4 16. Qg4 g6 17. Ne2 Bf8 18. Nh6+ Bxh6 19. Bxh6 Nxe5 20. Qf4 f5 21. Ng3 Ng4 22. Rfe1 Qd5 23. f3 Ne3 24. Re2 a5 25. Nh5 gxh5 26. Qg5+ Kf7 27. Qg7+ Ke6 28. Bxe3 dxe3 29. Rxe3+ Kd6 30. Rd3 c4 31. Rxd5+ Bxd5 32. Rd1 Kc6 33. Qxh7 Re2 34. Qxf5 Rd8 35. h4 Be6 36. Qxe6+ Rxe6 37. Rxd8 Re2 38. Rc8+ Kd5 39. Rd8+ Kc5 40. Rc8+ Kd4 41. c3+ Kd3 42. b3 Kxc3 43. Rxc4+ Kd3 44. Ra4 Re5 45. Kf2 Rf5 46. Kg3 Ke3 47. Re4+ Kd3 48. Kf2 Rc5 49. Ra4 Rf5 50. Kg1 Re5 51. Kh2 Rc5 52. Kh3 Ke3 53. Re4+ Kf2 54. Rc4 Rd5 55. Rc2+ Ke3 56. Kg3 Rd8 57. Rc5 Rg8+ 58. Rg5 Rd8 59. Re5+ Kd4 60. Rxa5 Rg8+ 61. Rg5 Ra8 62. a4 Kc3 63. Rb5 Kd3 64. Kf2 Rc8 65. Rxh5 Rc2+ 66. Kg3 Kd4 67. Rb5 Ke3 68. Re5+ Kd4 69. Re4+ Kd3 70. b4 Rc8 71. a5 Rg8+ 72. Rg4 Rb8 73. Kh3 Kc3 74. Kg3 Kd3 75. h5 Ke3 76. Rh4 Rg8+ 77. Rg4 Rh8 78. Rg5 Kd4 79. b5 Kc4 80. a6 Kb4 81. Kg4 Ka5 82. f4 Kb6 83. g3 Rd8 84. Re5 Ka7 85. Kh4 Kb6 86. g4 Ka7 87. Rf5 Kb6 88. Rg5 Ka7 89. Re5 Kb6 90. h6 Ka7 91. Rf5 Kb6 92. Kh5 Rh8 93. g5 Rg8 94. Re5 Rd8 95. Kg4 Rd1 96. Kf5 Rd8 97. Kg6 Rd6+ 98. Kg7 Rd7+ 99. Kf6 Rd8 100. f5 Rf8+ 101. Kg6 Re8 102. Rd5 Rg8+ 103. Kh5 Rf8 104. g6 Rd8 105. Rxd8 Ka7 106. Rd5 Kb6 107. h7 Ka7 108. h8Q Kb6 109. g7 Ka7 110. g8Q Kb6 111. Qd8+ Ka7 112. Qg7# 1-0

[Event "Titled Tuesday intern op 21st Feb Late"]
[Site "Chess.com INT"]
[Date "2023.02.21"]
[Round "6"]
[White "Zhurbinsky, David J"]
[Black "Dzida, Kamil"]
[Result "1-0"]
[WhiteElo "2045"]
[BlackElo "2333"]
[PlyCount "81"]
[EventDate "2023.02.21"]
[EventType "swiss (blitz)"]
[EventRounds "11"]
[EventCountry "USA"]
[SourceTitle "CBM 212 Extra"]
[Source "ChessBase"]
[SourceDate "2023.03.31"]
[SourceVersion "1"]
[SourceVersionDate "2023.03.31"]
[SourceQuality "1"]

1. e4 c5 2. Nf3 d6 3. d4 cxd4 4. Nxd4 Nf6 5. f3 a6 6. c4 e5 7. Nc2 Be6 8. Nc3 Nbd7 9. Be3 Rc8 10. b3 g6 11. Be2 Nh5 12. Qd2 f5 13. exf5 gxf5 14. 0-0 f4 15. Bf2 Nhf6 16. Nb4 Be7 17. Nbd5 0-0 18. Rfd1 Nxd5 19. Nxd5 Bh4 20. Bxh4 Qxh4 21. Bf1 Kh8 22. Nc3 Rf6 23. Qf2 Qh5 24. Rxd6 Rh6 25. h3 Rg8 26. Kh2 Rgg6 27. Rxe6 Rxe6 28. Ne4 Nf6 29. Nxf6 Rexf6 30. Rd1 Rd6 31. Qc5 Qg6 32. Qc8+ Kg7 33. Qc7+ Qf7 34. Qxd6 Rxd6 35. Rxd6 Qe7 36. c5 Qg5 37. Rd7+ Kf6 38. Rxb7 Qg3+ 39. Kg1 e4 40. fxe4 f3 41. c6 1-0

[Event "Titled Tuesday intern op 21st Feb Late"]
[Site "Chess.com INT"]
[Date "2023.02.21"]
[Round "2"]
[White "Zhurbinsky, David J"]
[Black "Kollars, Dmitrij"]
[Result "0-1"]
[WhiteElo "2045"]
[BlackElo "2606"]
[PlyCount "62"]
[EventDate "2023.02.21"]
[EventType "swiss (blitz)"]
[EventRounds "11"]
[EventCountry "USA"]
[SourceTitle "CBM 212 Extra"]
[Source "ChessBase"]
[SourceDate "2023.03.31"]
[SourceVersion "1"]
[SourceVersionDate "2023.03.31"]
[SourceQuality "1"]

1. e4 c6 2. d4 d5 3. Nc3 dxe4 4. Nxe4 Nf6 5. Nxf6+ exf6 6. c3 Bd6 7. Bd3 0-0 8. Qc2 Re8+ 9. Ne2 h5 10. 0-0 h4 11. h3 Nd7 12. c4 Nf8 13. Be3 Bc7 14. Rad1 Bd7 15. Rfe1 Rc8 16. b4 b5 17. cxb5 cxb5 18. Qd2 a6 19. Bf4 Bc6 20. Bxc7 Rxc7 21. Nf4 Rxe1+ 22. Rxe1 Rd7 23. Qc3 Rxd4 24. Qxc6 Rxf4 25. Re8 Qxd3 26. Rxf8+ Kxf8 27. Qc8+ Ke7 28. Qc7+ Ke6 29. Qxf4 Qd1+ 30. Kh2 Qd6 31. Qxd6+ Kxd6 0-1

[Event "Titled Tuesday intern op 24th Jan Late"]
[Site "Chess.com INT"]
[Date "2023.01.24"]
[Round "1"]
[White "Marcolino, Daniel Mattos"]
[Black "Zhurbinsky, David J"]
[Result "0-1"]
[WhiteElo "2006"]
[BlackElo "2029"]
[PlyCount "48"]
[EventDate "2023.01.24"]
[EventType "swiss (blitz)"]
[EventRounds "11"]
[EventCountry "USA"]
[SourceTitle "EXT 2024"]
[Source "ChessBase"]
[SourceDate "2023.10.10"]
[SourceVersion "1"]
[SourceVersionDate "2023.10.10"]
[SourceQuality "1"]

1. d4 Nf6 2. Nf3 e6 3. g3 d5 4. Bg2 Be7 5. 0-0 0-0 6. c4 dxc4 7. Qc2 a6 8. a4 c6 9. Qxc4 b5 10. Qc2 Bb7 11. Rd1 Nbd7 12. Ne5 Rc8 13. axb5 cxb5 14. Qb3 Bxg2 15. Kxg2 Qb6 16. Nxd7 Nxd7 17. Bf4 Nf6 18. Nc3 Rfd8 19. e3 b4 20. Na4 Qc6+ 21. Kg1 Qf3 22. Nc5 Bxc5 23. dxc5 Ne4 24. Qc2 b3 0-1

[Event "Titled Tuesday intern op 27th Dec Early"]
[Site "Chess.com INT"]
[Date "2022.12.27"]
[Round "3"]
[White "Zhurbinsky, David J"]
[Black "De Souza, Cristiano Gomes"]
[Result "1/2-1/2"]
[WhiteElo "2059"]
[BlackElo "2018"]
[PlyCount "149"]
[EventDate "2022.12.27"]
[EventType "swiss (blitz)"]
[EventRounds "11"]
[EventCountry "USA"]
[SourceTitle "EXT 2024"]
[Source "ChessBase"]
[SourceDate "2023.10.10"]
[SourceVersion "1"]
[SourceVersionDate "2023.10.10"]
[SourceQuality "1"]

1. e4 c5 2. Nf3 d6 3. d4 cxd4 4. Nxd4 Nf6 5. f3 g6 6. c4 Bg7 7. Nc3 0-0 8. Be3 Nc6 9. Be2 a5 10. 0-0 Bd7 11. Rc1 a4 12. Qd2 Nxd4 13. Bxd4 Bc6 14. b4 axb3 15. axb3 Nd7 16. Bxg7 Kxg7 17. Kh1 Nc5 18. Qb2 f6 19. b4 Na4 20. Nxa4 Rxa4 21. Ra1 Rxa1 22. Rxa1 Qb6 23. Qc3 Qf2 24. Bf1 Bd7 25. Qc1 Rc8 26. Ra3 b5 27. Rc3 bxc4 28. Rxc4 Rxc4 29. Qxc4 Be6 30. Qb5 Kf7 31. h3 h5 32. Bc4 h4 33. Bxe6+ Kxe6 34. Qd5+ Kd7 35. Qb7+ Ke6 36. Qc8+ Kf7 37. Qc1 g5 38. Qb1 Qb6 39. b5 Ke6 40. Qb3+ Kd7 41. Qc4 Qc7 42. Qf1 Qc5 43. Qb1 Kc7 44. Qb3 Kb6 45. Qe6 Qc1+ 46. Kh2 Qf4+ 47. Kg1 Qe5 48. Qd7 Qxb5 49. Qxe7 Qc5+ 50. Kh1 Qc1+ 51. Kh2 Qf4+ 52. Kg1 Qe5 53. Qd8+ Kc5 54. Qc7+ Kd4 55. Qc2 d5 56. Qb2+ Kc5 57. Qxe5 fxe5 58. exd5 Kxd5 59. Kf2 Kd4 60. Ke2 e4 61. fxe4 Kxe4 62. Kf2 Kf4 63. Kf1 Ke3 64. Ke1 Kf4 65. Kf2 g4 66. hxg4 Kxg4 67. Kf1 Kg3 68. Kg1 Kf4 69. Kh2 Kg4 70. Kg1 Kg3 71. Kh1 Kg4 72. Kh2 Kf4 73. Kh3 Kg5 74. g4 hxg3 75. Kxg3 1/2-1/2

[Event "Titled Tuesday intern op 27th Dec Early"]
[Site "Chess.com INT"]
[Date "2022.12.27"]
[Round "4"]
[White "Zhurbinsky, David J"]
[Black "Martynov, Pavel"]
[Result "0-1"]
[WhiteElo "2059"]
[BlackElo "2414"]
[PlyCount "84"]
[EventDate "2022.12.27"]
[EventType "swiss (blitz)"]
[EventRounds "11"]
[EventCountry "USA"]
[SourceTitle "EXT 2024"]
[Source "ChessBase"]
[SourceDate "2023.10.10"]
[SourceVersion "1"]
[SourceVersionDate "2023.10.10"]
[SourceQuality "1"]

1. e4 c5 2. Nf3 e6 3. c4 Nc6 4. d4 cxd4 5. Nxd4 Qc7 6. Be3 a6 7. a3 Nf6 8. Nc3 Ne5 9. Rc1 b6 10. Be2 Bb7 11. f3 Ng6 12. Qd2 Rc8 13. 0-0 Bd6 14. h3 Bh2+ 15. Kh1 Nh5 16. f4 Nhxf4 17. Kxh2 Nxe2+ 18. Kh1 Ng3+ 19. Kg1 Nxf1 20. Rxf1 Qxc4 21. Nf3 0-0 22. Bxb6 Bxe4 23. Nxe4 Qxe4 24. Qxd7 Qc6 25. Qd4 e5 26. Qf2 Qc2 27. Qe3 Nf4 28. Nh4 Nd5 29. Qxe5 Nxb6 30. Nf5 Qc5+ 31. Qxc5 Rxc5 32. Ne7+ Kh8 33. Rd1 h6 34. Rd8 Rxd8 35. Nc6 Rxc6 36. b4 Rd2 37. h4 Rg6 38. Kh2 Rgxg2+ 39. Kh3 Nd5 40. h5 Nf4+ 41. Kh4 Rg1 42. b5 Rh2# 0-1

[Event "Titled Tuesday intern op 15th Nov Late"]
[Site "Chess.com INT"]
[Date "2022.11.15"]
[Round "5"]
[White "Zhurbinsky, David J"]
[Black "Haszon, David"]
[Result "0-1"]
[WhiteElo "2059"]
[BlackElo "2291"]
[PlyCount "160"]
[EventDate "2022.11.15"]
[EventType "swiss (blitz)"]
[EventRounds "11"]
[EventCountry "USA"]
[SourceTitle "CBM 211 Extra"]
[Source "ChessBase"]
[SourceDate "2023.01.31"]
[SourceVersion "1"]
[SourceVersionDate "2023.01.31"]
[SourceQuality "1"]

1. e4 c5 2. Nf3 d6 3. d4 cxd4 4. Nxd4 Nf6 5. f3 a6 6. c4 e5 7. Nc2 Be7 8. Nc3 0-0 9. Be3 Be6 10. Be2 Nfd7 11. 0-0 f5 12. exf5 Rxf5 13. Bd3 Rf8 14. Be4 Nc6 15. b3 Nf6 16. Bd3 Kh8 17. Qe2 d5 18. cxd5 Nxd5 19. Nxd5 Qxd5 20. Rad1 Qa5 21. a4 Bxb3 22. Rb1 Qxa4 23. Kh1 Bf6 24. g3 Nd4 25. Bxd4 exd4 26. Qe4 g6 27. Ne1 b6 28. Ng2 Rae8 29. Qb7 b5 30. Nf4 Bc2 31. Ra1 Qb3 32. Bxc2 Qxc2 33. Rxa6 d3 34. Rc6 Qb3 35. Rc7 Qg8 36. Nxd3 Rb8 37. Qc6 b4 38. Nf4 b3 39. Nd5 b2 40. Rb1 Bg7 41. Kg2 Rfe8 42. Nf6 Re2+ 43. Kf1 Qe6 44. Qxe6 Rxe6 45. Ne4 Ra6 46. Rc2 Ra1 47. Nd2 h5 48. Ke2 Re8+ 49. Kd1 Rd8 50. Ke2 Rxd2+ 51. Kxd2 Rxb1 52. Rc8+ Kh7 53. Rb8 Rh1 54. Kc2 Rxh2+ 55. Kb1 Rh3 56. g4 h4 57. f4 Rh1+ 58. Kc2 b1Q+ 59. Rxb1 Rxb1 60. Kxb1 h3 61. f5 h2 62. f6 Bxf6 63. Kc2 h1Q 64. g5 Bxg5 65. Kd3 Qd5+ 66. Kc3 Qd2+ 67. Kc4 Bh6 68. Kc5 Qd3 69. Kb4 Qc2 70. Kb5 Qc3 71. Ka4 Qb2 72. Ka5 g5 73. Ka6 g4 74. Ka7 Kg7 75. Ka8 Kf7 76. Ka7 Ke7 77. Ka8 Kd7 78. Ka7 Kc7 79. Ka6 Bd2 80. Ka7 Qb7# 0-1

[Event "Titled Tuesday intern op 18th Oct Late"]
[Site "Chess.com INT"]
[Date "2022.10.18"]
[Round "11"]
[White "Hajiyev, Kanan"]
[Black "Zhurbinsky, David J"]
[Result "1-0"]
[WhiteElo "2153"]
[BlackElo "2059"]
[PlyCount "69"]
[EventDate "2022.10.18"]
[EventType "swiss (blitz)"]
[EventRounds "11"]
[EventCountry "USA"]
[SourceTitle "EXT 2024"]
[Source "ChessBase"]
[SourceDate "2023.10.10"]
[SourceVersion "1"]
[SourceVersionDate "2023.10.10"]
[SourceQuality "1"]

1. d4 Nf6 2. c4 e6 3. Nf3 Bb4+ 4. Bd2 Qe7 5. a3 Bxd2+ 6. Qxd2 d6 7. Nc3 Nbd7 8. g3 0-0 9. Bg2 e5 10. dxe5 dxe5 11. Nd5 Nxd5 12. cxd5 e4 13. Nd4 Nb6 14. Nb5 Rd8 15. Nc3 Nxd5 16. Nxe4 Bf5 17. Qg5 Bxe4 18. Qxe7 Bxg2 19. Qc5 Bxh1 20. 0-0-0 Bg2 21. f3 Nf6 22. Rxd8+ Rxd8 23. Qxc7 Re8 24. Kd2 Bf1 25. e4 Ba6 26. e5 Nh5 27. f4 g6 28. Kc3 Ng7 29. b4 Ne6 30. Qd6 Rd8 31. Qe7 Rc8+ 32. Kb2 Nd4 33. Qf6 Rc2+ 34. Ka1 Rc8 35. g4 1-0

[Event "Titled Tuesday intern op 18th Oct Late"]
[Site "Chess.com INT"]
[Date "2022.10.18"]
[Round "1"]
[White "Shapiro, Daniel E"]
[Black "Zhurbinsky, David J"]
[Result "0-1"]
[WhiteElo "2284"]
[BlackElo "2059"]
[PlyCount "82"]
[EventDate "2022.10.18"]
[EventType "swiss (blitz)"]
[EventRounds "11"]
[EventCountry "USA"]
[SourceTitle "EXT 2024"]
[Source "ChessBase"]
[SourceDate "2023.10.10"]
[SourceVersion "1"]
[SourceVersionDate "2023.10.10"]
[SourceQuality "1"]

1. d4 Nf6 2. c4 e6 3. Nf3 Bb4+ 4. Bd2 Qe7 5. Nc3 0-0 6. g3 d5 7. Qb3 a5 8. a3 Bxc3 9. bxc3 b6 10. Bg5 Bb7 11. c5 Nbd7 12. Ne5 Bc8 13. c6 Nb8 14. c4 dxc4 15. Qxc4 h6 16. Bd2 Ba6 17. Qc2 Rd8 18. e3 Bxf1 19. Kxf1 Nd5 20. Kg2 Qd6 21. Rhc1 Ne7 22. Qe4 Qd5 23. Qxd5 exd5 24. Rc2 f6 25. Nd3 Nbxc6 26. Rac1 Rd6 27. Nf4 b5 28. Rc5 b4 29. a4 Rb8 30. Nxd5 Rxd5 31. Rxd5 Nxd5 32. Rxc6 b3 33. Rc1 Nb4 34. Rb1 Nc2 35. Bxa5 Na3 36. Rb2 Nc4 37. Bc3 Nxb2 38. Bxb2 Ra8 39. Kf3 Rxa4 40. Ke4 Ra2 41. Bc3 b2 0-1

[Event "Titled Tuesday intern op 09th Aug Late"]
[Site "Chess.com INT"]
[Date "2022.08.09"]
[Round "10"]
[White "Xie, Luke"]
[Black "Zhurbinsky, David J"]
[Result "1-0"]
[WhiteElo "1977"]
[BlackElo "1996"]
[PlyCount "135"]
[EventDate "2022.08.09"]
[EventType "swiss (blitz)"]
[EventRounds "11"]
[EventCountry "USA"]
[SourceTitle "EXT 2023"]
[Source "ChessBase"]
[SourceDate "2022.10.05"]
[SourceVersion "1"]
[SourceVersionDate "2022.10.05"]
[SourceQuality "1"]

1. e4 e5 2. Nf3 Nc6 3. Bb5 a6 4. Ba4 Nf6 5. Bxc6 dxc6 6. d3 Bd6 7. b3 Bg4 8. Bb2 Qe7 9. h3 Bh5 10. Nbd2 0-0-0 11. Nc4 Rhe8 12. Qe2 Bb4+ 13. Kf1 Bxf3 14. Qxf3 Nd7 15. g3 g6 16. Kg2 f5 17. exf5 gxf5 18. Qxf5 Rf8 19. Qe4 Bc5 20. Rhf1 Rde8 21. Rae1 Qf7 22. Nxe5 Qh5 23. f4 Nf6 24. Qf3 Qh6 25. d4 Bd6 26. Ng4 Nxg4 27. hxg4 Qg6 28. f5 Qg5 29. Bc1 Qf6 30. c3 c5 31. g5 Qf7 32. f6 cxd4 33. cxd4 Kb8 34. Bf4 Bb4 35. Rc1 Ba5 36. b4 Bb6 37. a4 Qa2+ 38. Rf2 Qxa4 39. Rfc2 Qxb4 40. Bxc7+ Bxc7 41. Rxc7 Qd2+ 42. Kh3 Qb2 43. R1c3 Re2 44. Rxb7+ Qxb7 45. Rb3 Rb2 46. Rxb7+ Rxb7 47. Qc6 Rc8 48. Qxa6 Rc2 49. Qd6+ Ka7 50. Qd5 h5 51. gxh6 Rcc7 52. Qe6 Rf7 53. Qf5 Rbd7 54. g4 Rxd4 55. Qc5+ Kb8 56. Qxd4 Rh7 57. g5 Rf7 58. Qd8+ Kb7 59. Qd5+ Ka6 60. Qxf7 Kb5 61. Qe6 Kb4 62. f7 Ka3 63. f8Q+ Kb2 64. Qb8+ Kc3 65. Qc6+ Kd4 66. Qd8+ Ke3 67. Qce8+ Kf4 68. Qf6# 1-0

[Event "Titled Tuesday intern op 02nd Aug Late"]
[Site "Chess.com INT"]
[Date "2022.08.02"]
[Round "9"]
[White "De Gleria, Francesco"]
[Black "Zhurbinsky, David J"]
[Result "1-0"]
[WhiteElo "2372"]
[BlackElo "1996"]
[PlyCount "127"]
[EventDate "2022.08.02"]
[EventType "swiss (blitz)"]
[EventRounds "11"]
[EventCountry "USA"]
[SourceTitle "EXT 2023"]
[Source "ChessBase"]
[SourceDate "2022.10.05"]
[SourceVersion "1"]
[SourceVersionDate "2022.10.05"]
[SourceQuality "1"]

1. e4 e5 2. Nf3 Nc6 3. d4 exd4 4. Nxd4 Bc5 5. Nb3 Bb6 6. Nc3 Nf6 7. Qe2 0-0 8. Bg5 d6 9. 0-0-0 Be6 10. f4 h6 11. Bh4 Re8 12. h3 a5 13. e5 Bxb3 14. cxb3 Nd4 15. Qe1 dxe5 16. fxe5 Qc8 17. Bxf6 gxf6 18. Qg3+ Kh8 19. Qh4 fxe5 20. Qxh6+ Kg8 21. Qg5+ Kf8 22. Bc4 Nf5 23. Rhf1 Be3+ 24. Qxe3 Nxe3 25. Rxf7+ Kg8 26. Rxc7+ Nxc4 27. Rxc8 Raxc8 28. bxc4 Rxc4 29. Rd2 b5 30. Kd1 b4 31. Nd5 Kg7 32. Ne3 Rf4 33. Ke2 Ref8 34. Rd5 Rf2+ 35. Kd3 Rxb2 36. Rxa5 Rd8+ 37. Ke4 Re2 38. Rxe5 Ra8 39. Kf3 Raxa2 40. Nf5+ Kf6 41. Rxe2 Ra3+ 42. Ne3 b3 43. Rb2 Ke5 44. Nc4+ Kd4 45. Nxa3 Kc3 46. Rxb3+ Kxb3 47. h4 Kb4 48. h5 Kc5 49. h6 Kd6 50. h7 Ke6 51. h8Q Kf5 52. Qg8 Kf6 53. g4 Ke5 54. g5 Kf5 55. g6 Kf6 56. g7 Kf5 57. Nb1 Ke5 58. Qf8 Kd4 59. g8Q Kd3 60. Qe6 Kc2 61. Qd8 Kb2 62. Qc6 Ka1 63. Qb8 Ka2 64. Qa6# 1-0